Shrimp mariculture : A practical manual

সংরক্ষণ করুন:
গ্রন্থ-পঞ্জীর বিবরন
প্রধান লেখক: Tseng, Wen-Young
বিন্যাস: গ্রন্থ
ভাষা:Undetermined
প্রকাশিত: China Chien Cheng 1987
বিষয়গুলি:
ট্যাগগুলো: ট্যাগ যুক্ত করুন
কোনো ট্যাগ নেই, প্রথমজন হিসাবে ট্যাগ করুন!
Thư viện lưu trữ: Trung tâm Học liệu Trường Đại học Cần Thơ
LEADER 00525nam a2200193Ia 4500
001 CTU_150677
008 210402s9999 xx 000 0 und d
082 |a 639.63 
082 |b T877 
100 |a Tseng, Wen-Young 
245 0 |a Shrimp mariculture : 
245 2 |b A practical manual 
245 0 |c Wen-Young Tseng 
260 |a China 
260 |b Chien Cheng 
260 |c 1987 
650 |a Aquaculture,Nuôi trồng thủy sản 
904 |i Trọng Hải 
980 |a Trung tâm Học liệu Trường Đại học Cần Thơ